LEADER 01038nam a2200289 i 4500 001 991000035519707536 005 20020506120940.0 008 000908s1964 it ||| | ita 035 $ab10641543-39ule_inst 035 $aEXGIL138053$9ExL 040 $aBiblioteca Interfacoltà$bita 082 0 $a151.2 100 1 $aGross, Martin L.$0509989 245 10$aScrutatori di cervelli :$b[l'inflazione dei test psicologici nella società industriale] /$cMartin L. Gross 260 $aMilano :$bBompiani,$c1964 300 $a359 p. ;$c22 cm. 490 0 $aCose d'oggi ;$v33 500 $aTrad. A. Gersoni Kelly 500 $aTit. orig.: The brain watchers 650 4$aTest mentali 700 1 $aGersoni Kelly, Annalisa 907 $a.b10641543$b23-02-17$c28-06-02 912 $a991000035519707536 945 $aLE002 Ps. II D 35$g1$i2002000556011$lle002$o-$pE0.00$q-$rl$s- $t0$u0$v0$w0$x0$y.i10730801$z28-06-02 996 $aScrutatori di cervelli$9916816 997 $aUNISALENTO 998 $ale002$b01-01-00$cm$da $e-$fita$git $h0$i1 LEADER 02164nas 2200745-a 450 001 996207202203316 005 20240114213020.0 011 $a1432-0584 035 $a(DE-599)ZDB1458429-3 035 $a(OCoLC)41903082 035 $a(CKB)954925571884 035 $a(CONSER)--2007233411 035 $a(EXLCZ)99954925571884 100 $a19990223a19919999 s-- - 101 0 $aeng 135 $aurunu|||||||| 181 $ctxt$2rdacontent 182 $cc$2rdamedia 183 $acr$2rdacarrier 200 10$aAnnals of hematology 210 $aBerlin $cSpringer-Verlag 300 $aRefereed/Peer-reviewed 311 $a0939-5555 531 $aANN HEMATOL 531 $aANN. HEMATOL 606 $aBlood$vPeriodicals 606 $aBlood$xDiseases$vPeriodicals 606 $aHematology$vPeriodicals 606 $aHematologic Diseases 606 $aHematology 606 $aSang$vPériodiques 606 $aSang$xMaladies$vPériodiques 606 $aHématologie$vPériodiques 606 $aBlood$2fast$3(OCoLC)fst00834550 606 $aBlood$xDiseases$2fast$3(OCoLC)fst00834579 606 $aHematology$2fast$3(OCoLC)fst00954904 606 $aHämatologie$2gnd 606 $aZeitschrift$2gnd 606 $aOnline-Ressource$2gnd 608 $aPeriodicals.$2fast 608 $aPeriodicals.$2lcgft 608 $aZeitschrift.$2swd 608 $aOnline-Publikation.$2swd 615 0$aBlood 615 0$aBlood$xDiseases 615 0$aHematology 615 2$aHematologic Diseases. 615 2$aHematology. 615 6$aSang 615 6$aSang$xMaladies 615 6$aHématologie 615 7$aBlood. 615 7$aBlood$xDiseases. 615 7$aHematology. 615 7$aHämatologie 615 7$aZeitschrift 615 7$aOnline-Ressource 676 $a616.15 712 02$aDeutsche Gesellschaft für Hämatologie und Onkologie, 712 02$aGesellschaft für Thrombose- und Hämostaseforschung, 712 02$aÖsterreichische Gesellschaft für Hämatologie und Onkologie, 906 $aJOURNAL 912 $a996207202203316 996 $aAnnals of hematology$91412027 997 $aUNISA